Score 0/40 Timer 04:00
2 Plays Today
Clue 4-Letter Word % Correct
Direction on the left of a compassWEST
99.4%
Direction on the right of a compassEAST
94.3%
Number of lives a cat has?NINE
91.9%
Merlot, Chardonnay or CavaWINE
89.7%
1.61kmMILE
88.5%
Not crazySANE
87.9%
What the Titanic did?SANK
86.1%
[1st Blue Rung] ___ Virus, mosquito-borne illnessNILE
85.9%
Flower containerVASE
83.5%
'Ill at ____', uncomfortable or worriedEASE
82.5%
Unwanted intruderPEST
81.7%
'____ Will Hunting', Matt Damon movieGOOD
81%
Green precious stoneJADE
79.8%
Clint [1st Red Rung]____, 'Dirty Harry' starWOOD
77.1%
____ Pinkett Smith, 'Madagascar' starJADA
76.9%
____ Stefani, 'No Doubt' singerGWEN
76.2%
Favorite, for shortFAVE
75.7%
'The [1st Blue Rung] ____', US political TV dramaWING
75.6%
'[1st Blue Rung] ____ Story', Sondheim musicalSIDE
74.8%
[1st Blue Rung] ____, Palestinian territoryBANK
73.2%
Clue 4-Letter Word % Correct
Enjoy the sunBASK
72.2%
Halloween acoutrementMASK
70.4%
British R&B/jazz singerSADE
69.4%
Hannibal's bean of choiceFAVA
68.3%
'____ retro, satana', exorcist's catchphrase?VADE
67.6%
[1st Red Rung] ____, Indonesian provinceJAVA
65.8%
Sporcle ladder elementWORD
65.4%
Sail anchorMAST
65.1%
Protect from evil spiritsWARD
64.4%
Service chargeFARE
62.3%
Closely confinedPENT
61.5%
Unit of volumePINT
61.4%
HenchmanGOON
60.5%
Suffix linking soft-, hard- and mal-WARE
59.7%
Network connectivity testPING
58.2%
Small invertebrateMITE
57.6%
Web or constructionSITE
55.6%
'[1st Red Rung] of ____', John Steinbeck novelEDEN
54.9%
Bob ____, US TV emceeGOEN
52.9%
Scottish boys nameEWEN
50%

Today's Daily Dose

Remove Ads.
Support Sporcle.
Get the best of Sporcle when you Go Orange. This ad-free experience offers more features, more stats, and more fun while also helping to support Sporcle. Thank you for becoming a member.

You're not logged in!

Compare scores with friends on all Sporcle quizzes.
OR
Log In

Show Comments

Extras

Top Quizzes Today


Score Distribution

Your Account Isn't Verified!

In order to create a playlist on Sporcle, you need to verify the email address you used during registration. Go to your Sporcle Settings to finish the process.

Report this User

Report this user for behavior that violates our Community Guidelines.

Details: